000 00588nam a22002297a 4500
003 UA-OsUOA
001 34356
007 ta
008 20050928b un ||||| |||| 00| 0 ukr d
100 _aХоджей Г.
090 _a821.512.221
_bХ69
942 _cBK
040 _aUA-OsUOA
_bukr
_cUA-OsUOA
_dUA-OsUOA
245 _aАмур Широкий
_bРоман
300 _a523 с.
955 _a3
041 _aukr
080 _a821.512.221
260 _aК.
_bДніпро
_c1976
650 7 _a82 Література. Літературознавство
_2UDC
999 _c320787
_d320787